Разогрев 2D-электронов в скрещенных магнитном и электрическом полях; Известия вузов. Физика; Т. 47, № 6

Bibliographic Details
Parent link:Известия вузов. Физика/ Министерство общего и профессионального образования Российской Федерации ; Томский Госуниверситет.— , 1958-.— 0021-3411
Т. 47, № 6.— 2004.— с. 16-21
Main Author: Кадушкин В. И.
Language:Russian
Published: 2004
Series:Физика полупроводников и диэлектриков
Subjects:
Format: Book Chapter
KOHA link:https://koha.lib.tpu.ru/cgi-bin/koha/opac-detail.pl?biblionumber=420106

MARC

LEADER 00000naa2a2200000 4500
001 420106
005 20231101073330.0
035 |a (RuTPU)RU\TPU\prd\77588 
035 |a RU\TPU\prd\32381 
090 |a 420106 
100 |a 20100302a2004 k y0rusy50 ca 
101 0 |a rus 
102 |a RU 
200 1 |a Разогрев 2D-электронов в скрещенных магнитном и электрическом полях  |f В. И. Кадушкин 
225 1 |a Физика полупроводников и диэлектриков 
320 |a Библиогр.: 24 назв. 
461 1 |0 (RuTPU)RU\TPU\prd\191  |x 0021-3411  |t Известия вузов. Физика  |f Министерство общего и профессионального образования Российской Федерации ; Томский Госуниверситет  |d 1958- 
463 1 |0 (RuTPU)RU\TPU\prd\77585  |t Т. 47, № 6  |v с. 16-21  |d 2004 
610 1 |a двумерные 2D-электроны 
610 1 |a скрещенные поля 
610 1 |a магнитные поля 
610 1 |a разогрев 
610 1 |a электрические поля 
610 1 |a потенциальные ямы 
610 1 |a одиночные гетеропереходы 
610 1 |a фиксированные температуры 
610 1 |a вольт-амперные характеристики 
675 |a 621.315.592  |v 3 
700 1 |a Кадушкин  |b В. И. 
801 1 |a RU  |b 63413507  |c 20050204  |g PSBO 
801 2 |a RU  |b 63413507  |c 20101029  |g PSBO 
942 |c BK